Consumer behavior: buying having and being Ed 11 (Record no. 169512)

MARC details
000 -LEADER
fixed length control field 00620nam a2200229Ia 4500
003 - CONTROL NUMBER IDENTIFIER
control field OSt
005 - DATE AND TIME OF LATEST TRANSACTION
control field 20230410142818.0
008 - FIXED-LENGTH DATA ELEMENTS--GENERAL INFORMATION
fixed length control field 210423s2015 xx 000 0 und d
020 ## - INTERNATIONAL STANDARD BOOK NUMBER
International Standard Book Number 978-93-325-5746-8
040 ## - CATALOGING SOURCE
Transcribing agency AL
041 ## - LANGUAGE CODE
Language code of text/sound track or separate title eng
082 ## - DEWEY DECIMAL CLASSIFICATION NUMBER
Classification number 658.8342
Edition number 23
Item number SOLC
100 ## - MAIN ENTRY--PERSONAL NAME
Personal name SOLOMON (Michael R)
9 (RLIN) 85373
245 ## - TITLE STATEMENT
Title Consumer behavior: buying having and being Ed 11
250 ## - EDITION STATEMENT
Edition statement 11
260 ## - PUBLICATION, DISTRIBUTION, ETC.
Place of publication, distribution, etc. Chennai
Name of publisher, distributor, etc. Pearson
Date of publication, distribution, etc. 2015
300 ## - PHYSICAL DESCRIPTION
Extent xxii,582
Other physical details HB
365 ## - TRADE PRICE
Price amount 879
Currency code INR
650 ## - SUBJECT ADDED ENTRY--TOPICAL TERM
Topical term or geographic name entry element Marketing Management
9 (RLIN) 85374
906 ## - LOCAL DATA ELEMENT F, LDF (RLIN)
a 11 ; behavior: ; being ; buying ; Consumer ; having
942 ## - ADDED ENTRY ELEMENTS (KOHA)
Source of classification or shelving scheme Dewey Decimal Classification
Koha item type Book
Holdings
Withdrawn status Lost status Damaged status Not for loan Collection code Home library Current library Date acquired Source of acquisition Cost, normal purchase price Total Checkouts Full call number Barcode Date last seen Price effective from Koha item type
        Corporate Psychology St Aloysius PG Library St Aloysius PG Library 11/05/2018 Biblios Book Point 879.00   658.8342 SOLC PG016014 08/24/2022 04/26/2021 Book